[Event "77 España ch 2012"]
[Site "Maspalomas ESP"]
[Date "2012.10.05"]
[Round "7.31"]
[White "Gonzalez Perez, Cristina"]
[Black "Garcia Caballero, Luis"]
[Result "1-0"]
[WhiteElo "1802"]
[BlackElo "2034"]
[PlyCount "125"]
[EventDate "2012.09.29"]
[EventType "swiss"]
[EventRounds "9"]
[EventCountry "ESP"]
[Source "lmi"]
[SourceDate "2012.09.29"]

1. e4 e5 2. Nf3 Nf6 3. Nxe5 d6 4. Nf3 Nxe4 5. d4 d5 6. Bd3 Bg4 7. O-O Nc6 8.
Re1 Be7 9. Bxe4 dxe4 10. Rxe4 f5 11. Re1 Bxf3 12. Qxf3 Nxd4 13. Qxb7 O-O 14.
Qa6 Kh8 15. Qd3 Bd6 16. Nd2 Qf6 17. c3 Ne6 18. Nf3 Nc5 19. Qd4 Qg6 20. Bd2 Ne4
21. Re2 Bc5 22. Qc4 Qb6 23. Nd4 Qxb2 24. Nb3 Nxd2 25. Rxd2 Bxf2+ 26. Rxf2 Qa3
27. Rd1 Rae8 28. Qxc7 Re7 29. Qf4 h6 30. Rfd2 Re4 31. Qd6 Qxd6 32. Rxd6 Ra4 33.
R1d2 Rc8 34. R6d4 Ra3 35. c4 a5 36. Rd8+ Rxd8 37. Rxd8+ Kh7 38. Rd2 a4 39. Na5
Rc3 40. Kf2 a3 41. Ke2 f4 42. Kd1 g5 43. Rc2 Rd3+ 44. Ke2 Re3+ 45. Kf2 Re7 46.
c5 Kg6 47. c6 Rc7 48. Rc3 Kf5 49. Rxa3 Ra7 50. Nc4 Rc7 51. Ra6 Ke4 52. Rb6 Kd5
53. Na5 Ra7 54. Rb5+ Kd6 55. Kf3 Re7 56. Rb7 Re3+ 57. Kg4 Re2 58. Rd7+ Ke6 59.
Rd4 Rxg2+ 60. Kf3 Rxa2 61. c7 Ra3+ 62. Ke2 f3+ 63. Kf2 1-0

[Event "77 España ch 2012"]
[Site "Maspalomas ESP"]
[Date "2012.10.05"]
[Round "7.32"]
[White "Morales Quintero, Jose Miguel"]
[Black "Rodriguez Mellado, Antonio"]
[Result "1/2-1/2"]
[WhiteElo "2012"]
[BlackElo "1760"]
[PlyCount "52"]
[EventDate "2012.09.29"]
[EventType "swiss"]
[EventRounds "9"]
[EventCountry "ESP"]
[Source "lmi"]
[SourceDate "2012.09.29"]

1. c4 g6 2. Nc3 Nf6 3. g3 d5 4. cxd5 Nxd5 5. Bg2 Nxc3 6. bxc3 Bg7 7. d4 c5 8.
Nf3 Nc6 9. e3 cxd4 10. cxd4 e5 11. O-O exd4 12. exd4 O-O 13. Rb1 Nxd4 14. Nxd4
Bxd4 15. Bxb7 Rb8 16. Qf3 Bf5 17. Bf4 Bxb1 18. Rxb1 Qf6 19. Bxb8 Rxb8 20. Qxf6
Bxf6 21. Be4 Rxb1+ 22. Bxb1 Kg7 23. Kg2 Kg8 24. Kg1 Kg7 25. Kg2 Kg8 26. Kg1 Kg7
1/2-1/2

[Event "77 España ch 2012"]
[Site "Maspalomas ESP"]
[Date "2012.10.05"]
[Round "7.33"]
[White "Todorcevic Antic, Miodrag"]
[Black "Guerrero Ruiz, Jose Luis"]
[Result "1-0"]
[WhiteElo "2420"]
[BlackElo "1720"]
[PlyCount "55"]
[EventDate "2012.09.29"]
[EventType "swiss"]
[EventRounds "9"]
[EventCountry "ESP"]
[Source "lmi"]
[SourceDate "2012.09.29"]

1. Nf3 c5 2. g3 g6 3. Bg2 Bg7 4. O-O Nc6 5. d3 Qb6 6. Nbd2 d5 7. e4 dxe4 8.
dxe4 Bg4 9. h3 Bd7 10. c3 Rd8 11. Re1 Qc7 12. Qc2 h5 13. Nc4 b5 14. Ne3 Qc8 15.
h4 Nh6 16. Nd5 e6 17. Bg5 e5 18. Bxd8 Nxd8 19. a4 f5 20. exf5 Bxf5 21. Qb3 b4
22. Nxe5 Ne6 23. Nxg6 a5 24. Rxe6+ Bxe6 25. Nc7+ Kf7 26. Nxh8+ Bxh8 27. Nxe6
Qxe6 28. Bd5 1-0

[Event "77 España ch 2012"]
[Site "Maspalomas ESP"]
[Date "2012.10.05"]
[Round "7.34"]
[White "Cruz Pino, Adrian"]
[Black "Gonzalez Armas, Dinia"]
[Result "1/2-1/2"]
[WhiteElo "2008"]
[BlackElo "1696"]
[PlyCount "67"]
[EventDate "2012.09.29"]
[EventType "swiss"]
[EventRounds "9"]
[EventCountry "ESP"]
[Source "lmi"]
[SourceDate "2012.09.29"]

1. c4 Nf6 2. b3 e6 3. Bb2 Be7 4. Nf3 O-O 5. d3 d5 6. Nbd2 c5 7. Qc2 b6 8. a3
Bb7 9. e3 Nc6 10. Be2 Re8 11. O-O Rc8 12. Rad1 Qc7 13. Rfe1 e5 14. cxd5 Nxd5
15. Bf1 Nf6 16. g3 Bd6 17. Nc4 Nb4 18. Qe2 Nc2 19. Nxd6 Nxe1 20. Nxb7 Nxf3+ 21.
Qxf3 e4 22. dxe4 Qxb7 23. Bxf6 gxf6 24. Bg2 Qe7 25. Qg4+ Kh8 26. Rd5 Rcd8 27.
Rh5 Rd6 28. Qf5 Rd1+ 29. Bf1 Rxf1+ 30. Kxf1 Qxe4 31. Qxf6+ Kg8 32. Rg5+ Kf8 33.
Qg7+ Ke7 34. Re5+ 1/2-1/2

[Event "77 España ch 2012"]
[Site "Maspalomas ESP"]
[Date "2012.10.05"]
[Round "7.35"]
[White "Ramirez Maillo, Juan Adonay"]
[Black "Boutahar Belgasi, Tarik"]
[Result "0-1"]
[WhiteElo "1645"]
[BlackElo "1994"]
[PlyCount "50"]
[EventDate "2012.09.29"]
[EventType "swiss"]
[EventRounds "9"]
[EventCountry "ESP"]
[Source "lmi"]
[SourceDate "2012.09.29"]

1. e4 c5 2. c3 Nf6 3. e5 Nd5 4. d4 cxd4 5. Nf3 e6 6. cxd4 Nc6 7. Bc4 Nb6 8. Bb3
d5 9. exd6 Bxd6 10. Nc3 h6 11. O-O O-O 12. Bc2 Nb4 13. Bb1 N6d5 14. a3 Nxc3 15.
bxc3 Nd5 16. Qd3 Nf6 17. Re1 Re8 18. Ne5 Qc7 19. Qf3 Nd5 20. Qd3 Qxc3 21. Qe2
Qxd4 22. Bb2 Nc3 23. Bxc3 Qxc3 24. Nc4 Bf4 25. Qe4 f5 0-1

[Event "77 España ch 2012"]
[Site "Maspalomas ESP"]
[Date "2012.10.05"]
[Round "7.36"]
[White "Quiza Vazquez, Carolina"]
[Black "Garcia Garcia, Adrian Antonio"]
[Result "0-1"]
[WhiteElo "1655"]
[BlackElo "1978"]
[PlyCount "80"]
[EventDate "2012.09.29"]
[EventType "swiss"]
[EventRounds "9"]
[EventCountry "ESP"]
[Source "lmi"]
[SourceDate "2012.09.29"]

1. d4 d5 2. Nf3 c5 3. c3 Nc6 4. Bf4 Qb6 5. Bc1 cxd4 6. cxd4 Bg4 7. e3 Nf6 8.
Nc3 e6 9. Be2 Bd6 10. h3 Bh5 11. O-O O-O 12. b3 Rac8 13. Bb2 h6 14. Rc1 Bb8 15.
Ba3 Rfe8 16. Bc5 Qc7 17. Nb5 Qd8 18. Nc3 a6 19. a4 Qc7 20. g3 g5 21. Ba3 Qd8
22. Ne1 Bxe2 23. Qxe2 Na5 24. Qa2 Qb6 25. b4 Nc4 26. Nd3 Qd6 27. Nc5 Nh5 28. e4
f6 29. Nxb7 Qc7 30. Nc5 Nxa3 31. Nxa6 Qd6 32. Nxb8 Nc4 33. exd5 exd5 34. Na6
Qxa6 35. Nxd5 Kh8 36. b5 Qd6 37. Nxf6 Nxf6 38. Rxc4 Qd5 39. Rfc1 Rxc4 40. Qxc4
Re1+ 0-1

[Event "77 España ch 2012"]
[Site "Maspalomas ESP"]
[Date "2012.10.05"]
[Round "7.37"]
[White "Perez Barreto, Adrian"]
[Black "Suarez Ramirez, Jonay"]
[Result "1-0"]
[WhiteElo "1966"]
[BlackElo "1523"]
[PlyCount "61"]
[EventDate "2012.09.29"]
[EventType "swiss"]
[EventRounds "9"]
[EventCountry "ESP"]
[Source "lmi"]
[SourceDate "2012.09.29"]

1. d4 Nf6 2. c4 e6 3. Nc3 d5 4. cxd5 exd5 5. Bg5 Bb4 6. e3 Bf5 7. Qb3 Nc6 8.
Bb5 Bxc3+ 9. bxc3 Be6 10. Ba4 Rb8 11. Rb1 O-O 12. Bxf6 Qxf6 13. Bxc6 Bf5 14.
Bxd5 Bxb1 15. Qxb1 Rfe8 16. Ne2 c6 17. Be4 h6 18. O-O Qe6 19. Bd3 b6 20. Rd1
Rbd8 21. Qc2 c5 22. d5 Rxd5 23. Nf4 Qg4 24. Nxd5 Rd8 25. c4 b5 26. cxb5 Kh8 27.
Be2 Qe6 28. Bf3 Qe5 29. g4 Rd7 30. Qxc5 Rc7 31. Qxc7 1-0

[Event "77 España ch 2012"]
[Site "Maspalomas ESP"]
[Date "2012.10.05"]
[Round "7.38"]
[White "Galvan Sarmiento, Jose Luis"]
[Black "Sosa Iglesias, Rayco"]
[Result "1-0"]
[WhiteElo "1938"]
[BlackElo "1640"]
[PlyCount "115"]
[EventDate "2012.09.29"]
[EventType "swiss"]
[EventRounds "9"]
[EventCountry "ESP"]
[Source "lmi"]
[SourceDate "2012.09.29"]

1. d4 d5 2. Nf3 Nf6 3. Bf4 Nbd7 4. e3 e6 5. Nbd2 Be7 6. Bd3 O-O 7. Ne5 c5 8. c3
c4 9. Bc2 Nxe5 10. dxe5 Nd7 11. Qg4 Re8 12. Nf3 f5 13. Qg3 Nf8 14. Bh6 Ng6 15.
h4 gxh6 16. h5 Kh8 17. hxg6 Bf8 18. O-O-O Qe7 19. Rh2 Qg7 20. Nh4 Re7 21. Rdh1
Bd7 22. Rh3 Qg8 23. Bd1 Be8 24. Bh5 Rg7 25. Qf4 hxg6 26. Qxh6+ Rh7 27. Nxg6+
Bxg6 28. Qxg6 Qxg6 29. Bxg6 Rxh3 30. Rxh3+ Kg7 31. Rg3 Bc5 32. Bxf5+ Kf7 33.
Bg6+ Ke7 34. Bh5 Rh8 35. Rg7+ Kf8 36. Rf7+ Kg8 37. Bg6 Rh6 38. Rf6 Kg7 39. Be8
Rxf6 40. exf6+ Kxf6 41. Kd1 b6 42. Bb5 Bd6 43. Ke2 Kf5 44. Kf3 Kg5 45. Bd7 Kf6
46. Kg4 Bc5 47. Bc6 Kg6 48. a4 a5 49. Kf4 Bd6+ 50. Kf3 Kg5 51. e4 d4 52. cxd4
Bb4 53. Bb5 c3 54. bxc3 Bxc3 55. Ke3 Bb4 56. f4+ Kf6 57. e5+ Ke7 58. Ke4 1-0

[Event "77 España ch 2012"]
[Site "Maspalomas ESP"]
[Date "2012.10.05"]
[Round "7.39"]
[White "Moreno Cameno, Juan Carlos"]
[Black "Marrero Cardenes, Agustin"]
[Result "0-1"]
[WhiteElo "1686"]
[BlackElo "1937"]
[PlyCount "58"]
[EventDate "2012.09.29"]
[EventType "swiss"]
[EventRounds "9"]
[EventCountry "ESP"]
[Source "lmi"]
[SourceDate "2012.09.29"]

1. e4 c6 2. d4 d5 3. Nc3 dxe4 4. Nxe4 Bf5 5. Ng3 Bg6 6. Nf3 Nd7 7. Bd3 e6 8. h4
Bxd3 9. Qxd3 Ngf6 10. O-O Be7 11. Re1 O-O 12. Bg5 h6 13. Bxf6 Nxf6 14. Re2 Nd5
15. Qe4 Qb6 16. c3 Nf6 17. Qd3 Rfd8 18. Rae1 c5 19. h5 cxd4 20. cxd4 Qa5 21. a3
Rd5 22. Ne5 Rad8 23. Nxf7 Kxf7 24. Qg6+ Kf8 25. Rxe6 Rg5 26. Rxe7 Rxg6 27. hxg6
Re8 28. Rxe8+ Nxe8 29. Re5 Qb6 0-1

[Event "77 España ch 2012"]
[Site "Maspalomas ESP"]
[Date "2012.10.05"]
[Round "7.41"]
[White "Rodriguez Garcia, Antonio Jose"]
[Black "Santana Montjoy, Javier"]
[Result "0-1"]
[WhiteElo "2087"]
[BlackElo "1704"]
[PlyCount "50"]
[EventDate "2012.09.29"]
[EventType "swiss"]
[EventRounds "9"]
[EventCountry "ESP"]
[Source "lmi"]
[SourceDate "2012.09.29"]

1. e4 c5 2. Nf3 d6 3. d4 cxd4 4. Nxd4 Nf6 5. Nc3 g6 6. f4 Bg7 7. e5 dxe5 8.
fxe5 Nfd7 9. e6 fxe6 10. Nxe6 Bxc3+ 11. bxc3 Qb6 12. Ng7+ Kf7 13. Bh6 Qc5 14.
Qg4 Qxc3+ 15. Kf2 Qc5+ 16. Kg3 Qe5+ 17. Kh3 Nb6 18. Bc4+ Nxc4 19. Raf1+ Qf6 20.
Nf5 Bxf5 21. Rxf5 Qxf5 22. Rf1 Qxf1 23. Qd4 Qf5+ 24. g4 Qf3+ 25. Kh4 Qf6+ 0-1

[Event "77 España ch 2012"]
[Site "Maspalomas ESP"]
[Date "2012.10.05"]
[Round "7.42"]
[White "Gonzalez Acosta, Pablo"]
[Black "Alvarez Pedrosa, Valeriano"]
[Result "0-1"]
[WhiteElo "1906"]
[BlackElo "1947"]
[PlyCount "118"]
[EventDate "2012.09.29"]
[EventType "swiss"]
[EventRounds "9"]
[EventCountry "ESP"]
[Source "lmi"]
[SourceDate "2012.09.29"]

1. d4 Nf6 2. Nf3 g6 3. e3 Bg7 4. c3 O-O 5. Bd3 d6 6. O-O Nc6 7. e4 e5 8. d5 Ne7
9. Nbd2 Nh5 10. h3 Nf4 11. Nc4 Nxd3 12. Qxd3 h6 13. Nh2 f5 14. f3 f4 15. Bd2 h5
16. Be1 g5 17. h4 g4 18. fxg4 hxg4 19. g3 Bh6 20. a4 Rf7 21. b4 Ng6 22. Qd1 Rg7
23. Nxg4 Bxg4 24. Qxg4 Nxh4 25. Qe6+ Kh7 26. Kh2 Qg5 27. Qh3 Ng6 28. Bf2 Rf8
29. Rg1 Qf6 30. Raf1 Kh8 31. Rh1 Rh7 32. Kg2 fxg3 33. Bxg3 Nf4+ 34. Bxf4 exf4
35. Rf3 Qg6+ 36. Kf2 Qxe4 37. Qf1 Qxd5 38. Rfh3 Qe6 39. Qd3 d5 40. Qd4+ Kg8 41.
Ne5 Rf6 42. Rg1+ Rg7 43. Rxh6 Rxh6 44. Rxg7+ Kxg7 45. Ng4+ Rf6 46. Nxf6 Qxf6
47. Qxd5 Qh4+ 48. Kf1 Qh3+ 49. Kf2 Qe3+ 50. Kf1 f3 51. Qc4 Kf6 52. a5 a6 53.
Qh4+ Kf5 54. Qc4 Qf4 55. Qf7+ Ke4 56. Qg6+ Ke3 57. Qc2 Qc4+ 58. Kg1 Qg4+ 59.
Kf1 Qg2+ 0-1

[Event "77 España ch 2012"]
[Site "Maspalomas ESP"]
[Date "2012.10.05"]
[Round "7.43"]
[White "Suarez Pazos, Alberto"]
[Black "Rodriguez Manzaneda, Irene"]
[Result "0-1"]
[WhiteElo "1741"]
[BlackElo "1709"]
[PlyCount "105"]
[EventDate "2012.09.29"]
[EventType "swiss"]
[EventRounds "9"]
[EventCountry "ESP"]
[Source "lmi"]
[SourceDate "2012.09.29"]

1. d4 d5 2. Nf3 Nf6 3. Bg5 Bf5 4. e3 e6 5. Nbd2 Be7 6. Ne5 O-O 7. Bxf6 Bxf6 8.
f4 Be7 9. Be2 Bh4+ 10. g3 Bh3 11. Nef3 Be7 12. c3 Nd7 13. Bf1 Bg4 14. h3 Bh5
15. Be2 f6 16. g4 Bf7 17. O-O Bd6 18. Rf2 e5 19. f5 e4 20. Ne1 Re8 21. Nf1 Kf8
22. Ng2 Ke7 23. Nf4 g5 24. fxg6 hxg6 25. Ng3 Rh8 26. Qf1 Qf8 27. Bb5 c6 28. Ba4
Qh6 29. Re1 Bxf4 30. Rxf4 Qxh3 31. Qg2 Qxg2+ 32. Kxg2 Rh4 33. Rh1 Rah8 34. b4
Be6 35. Rxh4 Rxh4 36. Bd1 Nb6 37. Nf1 g5 38. Kg3 gxf4+ 39. Kxh4 f3 40. Nd2 Nd7
41. a4 Kd6 42. Kg3 b6 43. Nb3 Nf8 44. Nd2 Ke7 45. Nb3 Nh7 46. Nd2 Ng5 47. Nf1
Nf7 48. Bc2 Nh6 49. c4 Nxg4 50. c5 bxc5 51. bxc5 Kd7 52. a5 Kc7 53. Nd2 0-1

[Event "77 España ch 2012"]
[Site "Maspalomas ESP"]
[Date "2012.10.05"]
[Round "7.44"]
[White "Monzon Aleman, Ayoze"]
[Black "Suarez Fleitas, Alberto"]
[Result "1-0"]
[WhiteElo "1727"]
[BlackElo "1426"]
[PlyCount "81"]
[EventDate "2012.09.29"]
[EventType "swiss"]
[EventRounds "9"]
[EventCountry "ESP"]
[Source "lmi"]
[SourceDate "2012.09.29"]

1. e4 d5 2. exd5 Qxd5 3. Nc3 Qd8 4. Nf3 Nf6 5. h3 Bf5 6. Bc4 e6 7. a3 Be7 8. d3
O-O 9. Be3 a6 10. Qd2 b5 11. Bb3 Nbd7 12. Ne2 c5 13. O-O h6 14. c4 e5 15. Ng3
Be6 16. Rac1 Qc7 17. Qc2 Rab8 18. Ba2 Rfc8 19. b3 Qb7 20. Rfe1 Ne8 21. Kh2 f6
22. Bb1 Nd6 23. d4 cxd4 24. Qh7+ Kf8 25. Bxh6 Ke8 26. Bxg7 Nf8 27. Bxf8 Bxf8
28. Qxb7 Nxb7 29. Nxd4 exd4 30. Rxe6+ Kf7 31. Rxa6 bxc4 32. Rxc4 Rxc4 33. bxc4
Nc5 34. Ra7+ Be7 35. Nf5 Rxb1 36. Rxe7+ Kf8 37. Rc7 Ne6 38. Rd7 Rd1 39. a4 Rd2
40. Kg3 Nc5 41. Rxd4 1-0

[Event "77 España ch 2012"]
[Site "Maspalomas ESP"]
[Date "2012.10.05"]
[Round "7.45"]
[White "Garceran Izquierdo, Ruben"]
[Black "Rodriguez Rodriguez, Eduardo"]
[Result "1-0"]
[WhiteElo "1719"]
[BlackElo "1401"]
[PlyCount "45"]
[EventDate "2012.09.29"]
[EventType "swiss"]
[EventRounds "9"]
[EventCountry "ESP"]
[Source "lmi"]
[SourceDate "2012.09.29"]

1. c4 f5 2. d4 e6 3. Nf3 c6 4. Nc3 Nf6 5. a3 d5 6. e3 Bd6 7. c5 Bc7 8. Be2 O-O
9. Ng5 h6 10. Nf3 Bd7 11. Ne5 Be8 12. f4 Nbd7 13. Bd2 Kh8 14. Qc2 Rg8 15. O-O-O
Nxe5 16. fxe5 Nd7 17. g4 Bg6 18. h4 Kh7 19. h5 Be8 20. gxf5 exf5 21. Qxf5+ g6
22. hxg6+ Bxg6 23. Qh3 1-0

[Event "77 España ch 2012"]
[Site "Maspalomas ESP"]
[Date "2012.10.05"]
[Round "7.46"]
[White "Diaz Sanchez, Jose Francisco"]
[Black "Salcedo Izquierdo, Rafael"]
[Result "1/2-1/2"]
[WhiteElo "1868"]
[BlackElo "1445"]
[PlyCount "76"]
[EventDate "2012.09.29"]
[EventType "swiss"]
[EventRounds "9"]
[EventCountry "ESP"]
[Source "lmi"]
[SourceDate "2012.09.29"]

1. e4 c5 2. Nf3 d6 3. d4 cxd4 4. Nxd4 Nc6 5. c4 e5 6. Nb5 Nf6 7. Bg5 a6 8. Bxf6
gxf6 9. N5c3 Qb6 10. b3 Be6 11. Na4 Qa5+ 12. Qd2 Qxd2+ 13. Nxd2 Bh6 14. Nb6
Bxd2+ 15. Kxd2 Rd8 16. Ke3 Nd4 17. f4 f5 18. exf5 Bxf5 19. Bd3 Bxd3 20. Kxd3 f6
21. Rhf1 O-O 22. Rae1 Nc6 23. Nd5 Kg7 24. Re3 b5 25. Nc7 bxc4+ 26. Kxc4 Nd4 27.
Kd5 Kf7 28. Rh3 Rh8 29. fxe5 dxe5+ 30. Ke4 Rd6 31. Nd5 Rc6 32. Rc3 Rxc3 33.
Nxc3 Rg8 34. Rf2 Ke6 35. Ke3 Nf5+ 36. Ke4 Nd4 37. Ke3 Nf5+ 38. Ke4 Nd4 1/2-1/2

[Event "77 España ch 2012"]
[Site "Maspalomas ESP"]
[Date "2012.10.05"]
[Round "7.47"]
[White "Haarkotter Martin, Michael"]
[Black "Hernandez Diaz, Heriberto"]
[Result "0-1"]
[WhiteElo "1430"]
[BlackElo "1713"]
[PlyCount "70"]
[EventDate "2012.09.29"]
[EventType "swiss"]
[EventRounds "9"]
[EventCountry "ESP"]
[Source "lmi"]
[SourceDate "2012.09.29"]

1. e4 d6 2. Nc3 Nf6 3. Nf3 g6 4. d3 Bg7 5. Ne2 O-O 6. c3 Ne8 7. Ng3 Nc6 8. Be2
e6 9. Be3 f5 10. exf5 exf5 11. Bd2 Nf6 12. Bg5 Qd7 13. h3 b6 14. O-O Bb7 15.
Nd2 Ne5 16. d4 Nf7 17. Bxf6 Bxf6 18. Nf3 Rae8 19. Qd2 Re7 20. Rfe1 Rfe8 21. Bd1
Bg7 22. Rxe7 Rxe7 23. Be2 Qe8 24. Kf1 Bh6 25. Qc2 a5 26. Re1 Kh8 27. c4 d5 28.
cxd5 Bxd5 29. Ne5 Nxe5 30. dxe5 Rxe5 31. Qc3 Kg8 32. b3 f4 33. Nh1 Rxe2 34.
Rxe2 Bxg2+ 35. Kxg2 Qxe2 0-1

[Event "77 España ch 2012"]
[Site "Maspalomas ESP"]
[Date "2012.10.05"]
[Round "7.48"]
[White "Amador Garcia, Ismael"]
[Black "Perez Hernandez, Juan Manuel"]
[Result "1-0"]
[WhiteElo "1427"]
[BlackElo "1623"]
[PlyCount "98"]
[EventDate "2012.09.29"]
[EventType "swiss"]
[EventRounds "9"]
[EventCountry "ESP"]
[Source "lmi"]
[SourceDate "2012.09.29"]

1. e4 e5 2. Nf3 Nc6 3. Bc4 Nf6 4. d3 Be7 5. c3 O-O 6. Nbd2 Na5 7. Bb5 c6 8. Ba4
b5 9. Bc2 d6 10. Nf1 Bg4 11. Ng3 d5 12. O-O dxe4 13. dxe4 Qxd1 14. Rxd1 Bxf3
15. gxf3 h6 16. Be3 Nc4 17. Nf5 Bd8 18. Bc5 Re8 19. b3 Na5 20. Kh1 Nb7 21. Be3
Kh7 22. b4 Bb6 23. Rg1 Nh5 24. Bb3 Nd8 25. Nd6 Rf8 26. Rad1 Ne6 27. Nxf7 Rxf7
28. Bxe6 Rxf3 29. Bg4 Rxe3 30. fxe3 Nf6 31. Bf5+ Kh8 32. Rg3 Rd8 33. Rxd8+ Bxd8
34. Kg2 a5 35. Rg6 axb4 36. cxb4 Be7 37. a3 c5 38. Kf3 cxb4 39. axb4 Bxb4 40.
Rg1 Be7 41. Rc1 g5 42. Rc7 Bd6 43. Rc6 Be7 44. Re6 Bd8 45. Rxe5 b4 46. Bd7 Ng8
47. Rb5 Be7 48. Kg2 Bf8 49. Be6 Nf6 1-0

[Event "77 España ch 2012"]
[Site "Maspalomas ESP"]
[Date "2012.10.05"]
[Round "7.49"]
[White "Sanchez Ramirez, Gustavo"]
[Black "Sanabria Taskila, Daniel Krist"]
[Result "1-0"]
[WhiteElo "1591"]
[BlackElo "1429"]
[PlyCount "45"]
[EventDate "2012.09.29"]
[EventType "swiss"]
[EventRounds "9"]
[EventCountry "ESP"]
[Source "lmi"]
[SourceDate "2012.09.29"]

1. d4 d5 2. c4 e6 3. e3 c6 4. Nf3 Nd7 5. Nc3 Ngf6 6. cxd5 exd5 7. Bd3 Bd6 8.
O-O O-O 9. e4 dxe4 10. Nxe4 Re8 11. Nxd6 Re6 12. Bf4 Qe7 13. Nxc8 Rxc8 14. Re1
Re8 15. Ne5 Nxe5 16. Bxe5 Nd5 17. Kf1 Nb4 18. Bc4 Nd5 19. Bxd5 cxd5 20. Bg3 Qb4
21. Rxe6 Rxe6 22. Rc1 h6 23. Be5 1-0

[Event "77 España ch 2012"]
[Site "Maspalomas ESP"]
[Date "2012.10.05"]
[Round "7.50"]
[White "Guerrero Orihuela, Jose Luis"]
[Black "Nicolas Fernandez, Juan Antoni"]
[Result "0-1"]
[WhiteElo "1562"]
[BlackElo "1417"]
[PlyCount "71"]
[EventDate "2012.09.29"]
[EventType "swiss"]
[EventRounds "9"]
[EventCountry "ESP"]
[Source "lmi"]
[SourceDate "2012.09.29"]

1. d4 Nf6 2. c4 e6 3. Nc3 Bb4 4. Qc2 Nc6 5. Nf3 d6 6. Bg5 h6 7. Bh4 g5 8. Bg3
g4 9. Nd2 Nxd4 10. Qa4+ Nc6 11. Rc1 Bd7 12. e3 Nh5 13. Be2 Bxc3 14. Rxc3 Nd4
15. Qd1 Nxg3 16. hxg3 Nxe2 17. Qxe2 h5 18. Qxg4 hxg4 19. Rxh8+ Ke7 20. Rxd8
Rxd8 21. f3 Rh8 22. Kf2 e5 23. f4 Bc6 24. e4 f5 25. Re3 Rh1 26. b4 a6 27. Re2
Ra1 28. Nb3 Rb1 29. exf5 Kf6 30. Ke3 Ba4 31. fxe5+ dxe5 32. Nc5 Rxb4 33. Nxa4
Rxa4 34. Kd3 Ra3+ 35. Ke4 Ra4 36. Kd5 0-1

[Event "77 España ch 2012"]
[Site "Maspalomas ESP"]
[Date "2012.10.05"]
[Round "7.51"]
[White "Aleman Alamo, Nicolas"]
[Black "Ramirez Hernandez, Jose Isidro"]
[Result "1-0"]
[WhiteElo "1549"]
[BlackElo "1397"]
[PlyCount "115"]
[EventDate "2012.09.29"]
[EventType "swiss"]
[EventRounds "9"]
[EventCountry "ESP"]
[Source "lmi"]
[SourceDate "2012.09.29"]

1. d4 Nf6 2. c4 e6 3. Nc3 Bb4 4. Qc2 O-O 5. Nf3 d5 6. a3 Bxc3+ 7. Qxc3 dxc4 8.
Qxc4 b6 9. Bf4 Nd5 10. Bg3 Bb7 11. Qc2 Ba6 12. e4 Bxf1 13. Rxf1 Nf6 14. O-O-O
Nbd7 15. Ne5 Re8 16. f3 Nxe5 17. dxe5 Nd7 18. Kb1 Qc8 19. f4 c5 20. f5 exf5 21.
Qf2 Nxe5 22. exf5 Ng4 23. Qf4 Nf6 24. Bh4 Qc6 25. Bxf6 Qxf6 26. Rd6 Qe5 27.
Qxe5 Rxe5 28. f6 Re6 29. Rxe6 fxe6 30. fxg7 Kxg7 31. Kc2 Rd8 32. Rf3 Rf8 33.
Rg3+ Kh8 34. Kc3 Rf7 35. b3 Rg7 36. Re3 Rg6 37. g3 Rf6 38. Kd3 Kg7 39. Ke4 Kf7
40. Ke5 Ke7 41. g4 h5 42. Rg3 Rf2 43. h3 Re2+ 44. Kf4 e5+ 45. Kf3 Rh2 46. Ke4
h4 47. Rf3 Re2+ 48. Kf5 b5 49. g5 Rg2 50. Re3 Kd6 51. Rd3+ Kc6 52. g6 e4 53.
Re3 Kd5 54. Rxe4 Rf2+ 55. Rf4 Rxf4+ 56. Kxf4 Ke6 57. Kg5 Ke7 58. Kh6 1-0

[Event "77 España ch 2012"]
[Site "Maspalomas ESP"]
[Date "2012.10.05"]
[Round "7.52"]
[White "Suarez Buceta, Melquiades"]
[Black "Roque Hernandez, Francisco"]
[Result "1-0"]
[WhiteElo "1425"]
[BlackElo "1548"]
[PlyCount "65"]
[EventDate "2012.09.29"]
[EventType "swiss"]
[EventRounds "9"]
[EventCountry "ESP"]
[Source "lmi"]
[SourceDate "2012.09.29"]

1. c4 Nf6 2. Nc3 g6 3. d3 Bg7 4. g3 c6 5. Bg2 d6 6. Nf3 O-O 7. d4 Re8 8. O-O
Nfd7 9. e3 e5 10. Rb1 exd4 11. Nxd4 Na6 12. Bd2 Nac5 13. b4 Ne6 14. Nxe6 Rxe6
15. b5 Qc7 16. bxc6 bxc6 17. Nb5 cxb5 18. Bxa8 bxc4 19. Rc1 Nb6 20. Bg2 Ba6 21.
Re1 d5 22. Ba5 Qc5 23. Bxb6 axb6 24. Qxd5 Qb4 25. Qa8+ Bf8 26. Qxa6 b5 27. Qb7
Rd6 28. Bd5 Rf6 29. Bxc4 Qb2 30. Be2 b4 31. Qd5 h5 32. Qd4 Qxd4 33. exd4 1-0

[Event "77 España ch 2012"]
[Site "Maspalomas ESP"]
[Date "2012.10.05"]
[Round "7.54"]
[White "Morales Sanchez, Domingo"]
[Black "Agejas Garcia, Diego"]
[Result "1/2-1/2"]
[WhiteElo "1512"]
[BlackElo "1390"]
[PlyCount "81"]
[EventDate "2012.09.29"]
[EventType "swiss"]
[EventRounds "9"]
[EventCountry "ESP"]
[Source "lmi"]
[SourceDate "2012.09.29"]

1. c4 e5 2. Nc3 d6 3. g3 Nc6 4. Bg2 g6 5. Nf3 Bg7 6. d3 Nge7 7. O-O O-O 8. Rb1
f5 9. Qb3 Qd7 10. Bg5 Rb8 11. Nd2 Nd4 12. Qd1 c6 13. Nb3 Ne6 14. Bd2 f4 15. Bh3
fxg3 16. fxg3 Qe8 17. Ne4 Qd8 18. Qc1 Bd7 19. Nxd6 Nd4 20. Rxf8+ Bxf8 21. Bf1
Bg4 22. Ne4 Nxe2+ 23. Bxe2 Bxe2 24. Nf2 Bxd3 25. Ra1 Nf5 26. Qc3 e4 27. Nxd3
Qxd3 28. Qe5 Rd8 29. Bg5 Rd6 30. c5 Qd5 31. Qc3 Rd7 32. Bf4 Nd4 33. Nxd4 Qxd4+
34. Qxd4 Rxd4 35. Be3 Rd5 36. Rc1 Bg7 37. Rc2 Bd4 38. Kf2 Bxe3+ 39. Kxe3 Kf7
40. Kxe4 Ke6 41. b3 1/2-1/2

[Event "77 España ch 2012"]
[Site "Maspalomas ESP"]
[Date "2012.10.05"]
[Round "7.56"]
[White "Ruiz Macias, Anabel"]
[Black "Ramirez Maillo, Cristian"]
[Result "1-0"]
[WhiteElo "1455"]
[BlackElo "1164"]
[PlyCount "79"]
[EventDate "2012.09.29"]
[EventType "swiss"]
[EventRounds "9"]
[EventCountry "ESP"]
[Source "lmi"]
[SourceDate "2012.09.29"]

1. e4 c5 2. Nf3 d6 3. d4 cxd4 4. Nxd4 Nf6 5. Nc3 g6 6. Bd3 Bg7 7. Be3 O-O 8. f3
Nc6 9. Nde2 Be6 10. Qd2 Qc7 11. Nb5 Qd7 12. Nbd4 d5 13. exd5 Nxd5 14. Nxc6 Nxe3
15. Nxe7+ Qxe7 16. Qxe3 Bxb2 17. Rb1 Bg7 18. Be4 Qf6 19. O-O Rfd8 20. Rxb7 Qd4
21. Nxd4 Bxd4 22. Qxd4 Rxd4 23. Rc7 Bd5 24. Rd7 Rd2 25. Rxd5 Rxd5 26. Bxd5 Rd8
27. Bb3 Kf8 28. Re1 Rd2 29. Kf1 Kg7 30. Re7 Rd1+ 31. Kf2 Rd2+ 32. Kg3 a5 33.
Rxf7+ Kh6 34. Ra7 Rd6 35. Rxa5 Kg7 36. Rd5 Rf6 37. c4 Kf7 38. c5 Ke7 39. Rd6
Rxd6 40. cxd6+ 1-0

[Event "77 España ch 2012"]
[Site "Maspalomas ESP"]
[Date "2012.10.06"]
[Round "8.1"]
[White "Perez Candelario, Manuel"]
[Black "Korneev, Oleg"]
[Result "1/2-1/2"]
[WhiteElo "2575"]
[BlackElo "2596"]
[PlyCount "73"]
[EventDate "2012.09.29"]
[EventType "swiss"]
[EventRounds "9"]
[EventCountry "ESP"]
[Source "lmi"]
[SourceDate "2012.09.29"]

1. e4 c5 2. Nf3 e6 3. d4 cxd4 4. Nxd4 Nc6 5. Nc3 a6 6. Nxc6 bxc6 7. e5 Qc7 8.
Qe2 Bb7 9. Bd2 Ne7 10. f4 Nf5 11. Qf2 c5 12. Bd3 d5 13. exd6 Bxd6 14. O-O-O O-O
15. Rhe1 Be7 16. Bxf5 exf5 17. Re5 g6 18. Nd5 Bxd5 19. Rxd5 Rad8 20. Bc3 Rxd5
21. Rxd5 Rd8 22. Rxd8+ Qxd8 23. Qe3 Qd6 24. b3 f6 25. Kb2 Kf7 26. Qf3 Qe6 27.
Bd2 Qe4 28. Qxe4 fxe4 29. Kc3 Ke6 30. Kc4 Kd6 31. Be1 f5 32. Bc3 Kc6 33. g3 Bd8
34. Be5 Ba5 35. c3 Bd8 36. Bg7 Be7 37. Be5 1/2-1/2